000 00340nam a2200133Ia 4500
008 190216s9999||||xx |||||||||||||| ||und||
100 _aJanardhanan Pillay .cp
245 0 _aVector Analysis & Difer Ential Equqtion / Sixth Papper
250 _aI
260 _bAjith Book Center
_c2000
300 _a212
650 _aMathes
942 _cBK
999 _c32526
_d32526